Statistics for First Countries to Abolish Death Penalty

Click here to take the quiz!

General Stats

  • This quiz has been taken 364 times
  • The average score is 14 of 25

Answer Stats

YearCountry% Correct
1973Sweden
93%
1976Canada
91%
1979Norway
90%
1972Finland
89%
1978Denmark
86%
1949Germany
86%
1944Iceland
82%
1968Austria
80%
1976Portugal
74%
1979Luxembourg
69%
1865San Marino
56%
1962Monaco
53%
1969Vatican City
44%
1903Panama
43%
1910Colombia
42%
1863Venezuela
42%
1877Costa Rica
41%
1907Uruguay
41%
1956Honduras
39%
1906Ecuador
38%
1979Nicaragua
36%
1966Dominican Republic
25%
1978Tuvalu
8%
1979Kiribati
7%
1978Solomon Islands
6%

Score Distribution

Percentile by Number Answered

Percent of People with Each Score

Your Score History

You have not taken this quiz